00478nam a2200181Ia 4500003000400000005001700004008004100021020001800062040000700080041000800087082001600095100002400111245009700135260000900232300001400241365001400255650002700269OSt20230527092143.0210423s2014 xx 000 0 und d a9781508673132 cAL aeng a808.51 REDT aREDDY (Ramakrishna) aToastmasters secret: a practical guide to become a competent communicator in public speaking c2014 avi,94bPB b1699cINR aRhetoric & Collections